000 01112cam a22003014a 4500
999 _c329843
_d329843
001 14306143
003 NUST
005 20170523145959.0
008 060320r20051858pk b 001 0 eng
010 _a 2006332222
020 _a9693516958
025 _aP-E-2006332222 ; 20
040 _aDLC
_cDLC
042 _alcode
043 _aa-ii---
050 0 0 _aDS478
_b.B23 2005
082 _a954.912 BAL
100 1 _aBall, Charles.
_91371
245 1 4 _aThe history of the Indian mutiny :
_ba detailed account of the Sepoy insurrection in India ... /
_cCharles Ball.
246 3 _aIndian mutiny
260 _aLahore :
_bSang-e-Meel Publications,
_c2005.
300 _a2 v. ;
_c25 cm.
500 _aReprint. Originally published: London ; New York : London Printing and Pub. Co., 1858-59.
504 _aIncludes bibliographical references and indexes.
651 0 _aIndia
_xHistory
_ySepoy Rebellion, 1857-1858.
_91372
906 _a7
_bcbc
_corigode
_d3
_encip
_f20
_gy-gencatlg
942 _2ddc
_cBK